书目信息 |
| 题名: |
北京红色文化的文学探寻
|
|
| 作者: | 方继孝 著 | |
| 分册: | ||
| 出版信息: | 北京 文津出版社 2022.06 |
|
| 页数: | 223页 | |
| 开本: | 21cm | |
| 丛书名: | ||
| 单 册: | ||
| 中图分类: | K825.6 | |
| 科图分类: | ||
| 主题词: | 作家--zuo jia--生平事迹--中国--现代 | |
| 电子资源: | ||
| ISBN: | 978-7-80554-757-2 | |
| 000 | 00843nam0 2200229 450 | |
| 001 | 011025153048 | |
| 005 | 20221025153048.0 | |
| 010 | @a978-7-80554-757-2@dCNY68.00 | |
| 100 | @a20201004d2022 em y0chiy0120 ea | |
| 101 | 0 | @achi |
| 102 | @aCN@b110000 | |
| 105 | @aa z 000yd | |
| 106 | @ar | |
| 200 | 1 | @a北京红色文化的文学探寻@Abei jing hong se wen hua de wen xue tan xin@f方继孝著 |
| 210 | @a北京@c文津出版社@d2022.06 | |
| 215 | @a223页@c图, 照片@d21cm | |
| 300 | @a北京作家协会重点扶持原创项目 | |
| 330 | @a本书选取郭沫若、茅盾、周扬、李六如、欧阳予倩、丁玲等一批代表性的党员作家,寻访他们在北京的足迹,结合他们留下的珍贵手迹,讲述他们在北京居住、生活和创作的故事。 | |
| 606 | 0 | @a作家@Azuo jia@x生平事迹@y中国@z现代 |
| 690 | @aK825.6@v5 | |
| 701 | 0 | @a方继孝@Afang ji xiao@f(1954~)@4著 |
| 905 | @a河南城建学院图书馆@dK825.6@eF207 | |
| 北京红色文化的文学探寻/方继孝著.-北京:文津出版社,2022.06 |
| 223页:图, 照片;21cm |
| 北京作家协会重点扶持原创项目 |
| ISBN 978-7-80554-757-2:CNY68.00 |
| 本书选取郭沫若、茅盾、周扬、李六如、欧阳予倩、丁玲等一批代表性的党员作家,寻访他们在北京的足迹,结合他们留下的珍贵手迹,讲述他们在北京居住、生活和创作的故事。 |
| ● |
| 相关链接 |
|
|
|
正题名:北京红色文化的文学探寻
索取号:K825.6/F207
 
预约/预借
| 序号 | 登录号 | 条形码 | 馆藏地/架位号 | 状态 | 备注 |
| 1 | 1586536 | 215865366 | 社科库309/309社科库 51排3列1层/ [索取号:K825.6/F207] | 在馆 | |
| 2 | 1586537 | 215865375 | 社科库309/309社科库 51排3列1层/ [索取号:K825.6/F207] | 在馆 |